000 00972nam a2200265Ia 4500
003 OSt
005 20220923211355.0
006 a|||||r|||| 00| 0
007 ta
008 220922b |||||||| |||| 00| 0 hin d
020 _a97881877482765 (hbk)
_c200
024 _a352,052
037 _bGV718, 09/03/2020, Vani Prakashan
_cTextual
040 _aARTS
_cARTS
_bhin
041 _2hin
_ahin
082 _aV2y7M69, 152Q0
100 _aआचार्य, नन्दकिशोर, ले.
245 0 _aसत्याग्रह की संस्कृति
246 _aSatyāgrah kī sanskṛuti
260 _aबीकानेर
_b वाग्देवी प्रकाशन
_c2010
300 _a143पृ.
_ccm.
650 _aभारत-इतिहास
_9156353
942 _hV2y7M69, 152Q0
_cTEXL
_2CC
999 _c298885
_d298885